000 00857nam a22002297a 4500
005 20090826110553.0
008 090826t xxu||||| |||| 00| 0 eng d
010 _aENG-94885
020 _a9788178791340
_c140.00
020 _a817879134X
_c140.00
035 _aEN-78418
037 _bDBAD / PUB
040 _adpl
_bEnglish
082 _a794.72
245 _aBilliards rule book 2009 /
_cedited & compiled by Anoop Jain
260 _aNew Delhi
_bSports Publication
_c2009
270 _a7/26, Gound Floor, Ansari Road, Darya Ganj,
_bNew Delhi
_e110002
300 _a40p. :
_c22cm(Hb)
_bill.
700 _aJain, Anoop
942 _2ddc
_cEN
_mBIL
_h794.72
999 _c29614
_d29614